Countries With A And Z In Their Name - Statistics

General Stats
  • This quiz has been taken 143 times
  • The average score is 10 of 13
Answer Stats
Answer % Correct
Zambia
95%
Zimbabwe
95%
Azerbaijan
90%
Kazakhstan
81%
Uzbekistan
80%
Mozambique
76%
Kyrgyzstan
72%
Tanzania
72%
New Zealand
71%
Brazil
61%
Venezuela
61%
Bosnia and Herzegovina
55%
Switzerland
55%
No matching quizzes found
Score Distribution
Percent of People with Each Score
Percentile by Number Answered
Your Score History
You have not taken this quiz